Figuras y figurones (Record no. 165116)

MARC details
000 -LEADER
campo de control de longitud fija 01245nam a2200241 i 4500
001 - NÚMERO DE CONTROL
campo de control 165116
003 - IDENTIFICADOR DE NÚMERO DE CONTROL
campo de control ES-MaACL
005 - FECHA Y HORA DE LA ÚLTIMA TRANSACCIÓN
campo de control 20250906063134.0
008 - DATOS DE LONGITUD FIJA--INFORMACIÓN GENERAL
campo de control de longitud fija 931025m18811886sp a |||| | spa d
100 1# - ENTRADA PRINCIPAL--NOMBRE DE PERSONA
Nombre de persona Segovia, Angel María,
Fechas asociadas al nombre n. 1848
9 (RLIN) 132629
245 10 - MENCIÓN DEL TÍTULO
Título Figuras y figurones
Resto del título : biografías de los hombres que más figuran actualmente así en la política como en las armas, ciencias, artes, magistratura, alta banca... /
Mención de responsabilidad, etc. su autor Angel Mª Segovia.
250 ## - MENCION DE EDICION
Mención de edición 2ª ed. corr. y aum.
260 ## - PUBLICACIÓN, DISTRIBUCIÓN, ETC.
Lugar de publicación, distribución, etc. Madrid :
Nombre del editor, distribuidor, etc. [s.n.],
Fecha de publicación, distribución, etc. 1881-1886 (
Fabricante Enrique Jaramillo, Impresor)
300 ## - DESCRIPCIÓN FÍSICA
Extensión 44 v. :
Otras características físicas il. ;
Dimensiones 16 cm.
510 4# - NOTA DE CITAS O REFERENCIAS BIBLIOGRÁFICAS
Nombre de la fuente Palau,
Localización dentro de la fuente 306000
530 ## - NOTA DISPONIBLE DE FORMULARIO FÍSICO ADICIONAL
Nota de formato físico adicional disponible Disponible en formato digital.
596 ## - NOTA AL PIE DE IMPRENTA
NOTA AL PIE DE IMPRENTA En el t. II, el impresor es la: "imprenta de F. Cao y D. de Val"; en los t. IV-VII: "imprenta de Domingo Molina"; en los t. VII-XLIII: "imprenta de Figuras y Figurones", el t. XLIV: "imprenta de Juan Iniesta y Lorenzo"
599 ## - NOTA A LAS ILUSTRACIONES
NOTA A LAS ILUSTRACIONES Las il. son retratos de los personajes.
650 04 - PUNTO DE ACCESO ADICIONAL DE MATERIA--TÉRMINO DE MATERIA
Término de materia o nombre geográfico como elemento de entrada Españoles-
Subdivisión cronológica S.XIX-
Subdivisión general Biografías.
9 (RLIN) 12478
852 ## - LOCALIZACIÓN
Ubicación ES-MaACL
Número de control de estantería G-13230-32
Nota libre -- Rust.
condición física -- Sólo t.I, III y IV
856 ## - LOCALIZACIÓN Y ACCESO ELECTRÓNICOS
Identificador Uniforme de Recursos <a href="http://bdh-rd.bne.es/viewer.vm?id=0000202823&page=1 ">http://bdh-rd.bne.es/viewer.vm?id=0000202823&page=1 </a>
Nota pública Biblioteca Digital Hispánica
Holdings
Estatus retirado Estado de pérdida Estado de daño No para préstamo Colección Biblioteca de origen Biblioteca actual Ubicación en estantería Fecha de adquisición Total de préstamos Signatura topográfica completa Código de barras Visto por última vez Precio de reemplazo Tipo de ítem Koha
        Colección digital Biblioteca del Ateneo de Madrid Biblioteca del Ateneo de Madrid Sala Pecera Planta 3 17/01/2008   G-13230-32 1173129 23/02/2023 23/02/2023 Libro impreso antiguo